Reforme pedagogique de l'enseignement primaire : (Record no. 51184)

MARC details
000 -CABECERA
campo de control de longitud fija 00872nam a2200205 a 4500
005 - FECHA Y HORA DE LA ÚLTIMA TRANSACCIÓN
campo de control 20241113063732.0
008 - ELEMENTOS DE LONGITUD FIJA--INFORMACIÓN GENERAL
campo de control de longitud fija 991125s1975 fr 000 0 fre u
035 ## - NÚMERO DE CONTROL DEL SISTEMA
Número de control de sistema UPN01000051184
049 ## - COLECCIÓN
Colección F
050 #4 - SIGNATURA TOPOGRÁFICA DE LA BIBLIOTECA DEL CONGRESO
Número de clasificación LA814
-- B4.2
110 1# - ASIENTO PRINCIPAL--NOMBRE CORPORATIVO
Nombre de entidad corporativa o nombre de jurisdicción como elemento de entrada Bélgica.
Unidad subordinada Direction Generale de l'Organisation des Etudes
245 10 - MENCIÓN DE TÍTULO
Título Reforme pedagogique de l'enseignement primaire :
Resto del título activities manuelles et initiation esthetique /
Mención de responsabilidad, etc. Direction Generale de l'Organisation des Etudes.
260 ## - PUBLICACIÓN, DISTRIBUCIÓN, ETC.
Lugar de publicación, distribución, etc. Bélgica :
Nombre del editor, distribuidor, etc. Direction Generale de l'Organisation des Etudes,
Fecha de publicación, distribución, etc. 1975.
300 ## - DESCRIPCIÓN FÍSICA
Extensión 28 p.
500 ## - NOTA GENERAL
Nota general Título de la cubierta: Bélgica : reforma pedagógica de la enseñanza primaria : actividades manuales e iniciación estética
500 ## - NOTA GENERAL
Nota general Fotocopia
650 #4 - ASIENTO SECUNDARIO DE MATERIA - TERMINO TEMATICO
Término de materia o nombre geográfico como elemento de entrada Arte
Subdivisión general Estudio y enseñanza
9 (RLIN) 207
650 #4 - ASIENTO SECUNDARIO DE MATERIA - TERMINO TEMATICO
Término de materia o nombre geográfico como elemento de entrada Educación primaria
Subdivisión geográfica Bélgica
Subdivisión de forma Planes y programas
9 (RLIN) 18485
905 ## - TIPO DE MATERIAL
Tipo de material Libro
Holdings
Estado de retiro Estado de pérdida Fuente del sistema de clasificación o colocación Estado dañado No para préstamo Código de colección Localización permanente Ubicación/localización actual Ubicación en estantería Total de préstamos Clasificación Código de barras Fecha visto por última vez Número de copia Tipo de ítem Koha
    Library of Congress Classification   Folletos Folletería Bib. Gregorio Torres Quintero Bib. Gregorio Torres Quintero Folletos   LA814 B4.2 9109F 31/12/2020 1 Libro